|
|
|
|
| LEADER |
00000naa a2200000uu 4500 |
| 001 |
vtls010942693 |
| 003 |
SK-MaSNL |
| 005 |
20260302123406.0 |
| 008 |
210824|1997 xo |||||||||||||||||slo| |
| 015 |
|
|
|a SNBRA
|
| 035 |
|
|
|a (urnnbn)urn:nbn:sk:snk:ar-a0bd2l
|
| 035 |
|
|
|a (uuid)eb089481-4014-4f69-a793-c7c6c5900cca
|
| 035 |
|
|
|a urn:nbn:sk:snk-aau5bd
|
| 040 |
|
|
|a SNKBUCL
|b slo
|c SNKBUCL
|e AACR2
|
| 041 |
0 |
|
|a slo
|
| 044 |
|
|
|a xo
|c SK
|
| 100 |
1 |
|
|a Mastihubová, Mária
|4 aut
|9 13038
|
| 245 |
1 |
0 |
|a ODVODENIE REZNEJ SILY PROSTREDNÍCTVOM ENERGETICKEJ ANALÝZY
|c Mária Mastihubová
|
| 773 |
0 |
|
|t Nové smery vo výrobných technológiách
|d Košice : Technická univerzita, 1997
|g S. 116-118
|z 8070992905
|
| 958 |
|
|
|a OND
|
| 958 |
|
|
|a article11
|
| 958 |
|
|
|a chapter
|
| 999 |
|
|
|c 1282800
|d 1284730
|